| 000 | 01341nam a2200361 i 4500 | ||
|---|---|---|---|
| 003 | CO-BoRNBP | ||
| 005 | 20250212103554.0 | ||
| 007 | ta | ||
| 008 | 250212s2023 ck a|||| |||| 00| 0 spa d | ||
| 020 | _a9786289602906 | ||
| 040 |
_aCO-BoRNBP _bspa _cCO-BoRNBP _erda |
||
| 041 | _aspa | ||
| 043 | _as-ck--- | ||
| 084 | _aC BUI2 | ||
| 100 | 1 |
_aBuitrago, Jairo _d1970- _eautor _958306 |
|
| 245 | 1 | 0 |
_aFormas de hacer amigos/ _cJairo Buitrago; ilustraciones, Mariana Ruiz Johnson |
| 250 | _aEdición especial | ||
| 264 | 1 |
_aBogotá, Colombia _bLobolunar _c2023 |
|
| 264 | 4 | _c©2023 | |
| 300 |
_a32 páginas sin numerar, _bilustraciones acolor, _c28 cm |
||
| 336 |
_2rdacontent _atexto _btxt |
||
| 337 |
_2rdamedia _asin mediación _bn |
||
| 338 |
_2rdacarrier _avolumen _bnc |
||
| 490 |
_aPlan Nacional de Lectura, Escritura y Oralidad _pMinisterio de Cultura |
||
| 521 | _aRecomendado para un público infantil a partir de los 6 años | ||
| 650 | 1 | 7 |
_2ARMARC _aCuentos infantiles colombianos _vSiglo XXI _958307 |
| 650 | 1 | 7 |
_2ARMARC _aLiteratura infantil colombiana _vSiglo XXI _958308 |
| 650 | 1 | 7 |
_2ARMARC _aAmistad en la literatura _970 |
| 650 | 1 | 7 |
_2ARMARC _aCompetencias comunicativas en niños _958309 |
| 650 | 1 | 7 |
_2ARMARC _aLibros ilustrados para niños _92001 |
| 700 | 1 |
_aRuiz Johnson, Mariana _eilustradora _91020 |
|
| 942 |
_2ddc _cBKINF |
||
| 999 |
_c56894 _d56894 |
||